000 00727nam a2200289Ia 4500
005 20260324123813.0
008 008 260324s9999 xx 000 0 eng d
020 _a9781315064529
037 _aEBOOK
040 _aCRL
040 _beng
040 _cCRL
041 _2eng
041 _aeng
084 _qCRL
100 _aWesley Magat; Winston Harrington; Alan J. Krupnick
_91171707
245 0 _aRules in the Making
245 2 _bA Statistical Analysis of Regulatory Agency Behavior
260 _bTaylor and Francis
260 _c2011
365 _a
365 _b195
856 _uhttp://www.taylorfrancis.com/books/9781315064529
942 _cEBOOK
999 _c1765543
_d1765543